Проектирование магнитных и полупроводниковых элементов автоматики

書誌詳細
第一著者: Тищенко Н. М. Николай Михайлович
言語:ロシア語
出版事項: Москва, Энергия, 1979
版:2-е изд., перераб. и доп.
主題:
フォーマット: 図書
KOHA link:https://koha.lib.tpu.ru/cgi-bin/koha/opac-detail.pl?biblionumber=33483

MARC

LEADER 00000nam0a2200000 4500
001 33483
005 20231030214430.0
035 |a (RuTPU)RU\TPU\book\33826 
035 |a BOOK00000477 
090 |a 33483 
100 |a 20011210d1979 km y0rusy50 ca 
101 0 |a rus 
102 |a RU 
105 |a y z 000zy 
200 1 |a Проектирование магнитных и полупроводниковых элементов автоматики  |f Н. М. Тищенко 
205 |a 2-е изд., перераб. и доп. 
210 |a Москва  |c Энергия  |d 1979 
215 |a 472 с. 
610 1 |a приборостроение 
610 1 |a устройства 
610 1 |a магнитные элементы 
610 1 |a полупроводниковые элементы 
610 1 |a моделирование 
610 1 |a ЭВМ 
675 |a 681.527  |v 3 
700 1 |a Тищенко  |b Н. М.  |g Николай Михайлович 
801 0 |a RU  |b 63413507  |c 20011210  |g PSBO 
801 2 |a RU  |b 63413507  |c 20160120  |g PSBO 
900 |a Электромеханические, измерительные и исполнительные устройства 
900 |a Проектирование электрических аппаратов 
900 |a Системы автоматизированного проектирования электрическ 
942 |c BK